01168 a2200169 4500003000500000005001700005040000900022082001200031245008100043260003800124300001100162505063400173650003000807942002100837999001900858952012100877NUST20230202122952.0 cNust a954,HIS aA history of the Freedom Movement /cEditor : Mahmud Husain and I H Qureshi aKarachibHistorical Societyc1957 a630:p. aI.H Qureshi MA Phd (Page -1), Symptoms of Decline (Page -58), Successors of Alamgir (Page-75), Ahmad Shah Alamgir II and Shah Alam (Page-107), The Sikhs (Page-138), The Marathas (Page-164), The Nawab (Page-210), Asaf Jah I (Page-234), Shah Abdali and the Third Battle of Panipat (Page-257), The Rohillas (Page-303), Struggle in Bengal (Page-337), The East India Company (Page-380), Haider Ali (Page-399), Tipu Sultan I (Page-427), Tipu Sultan II (Page-465), Shah Wliullah I (Page-491), Shah waliullah II (Page-512), The Reforms Movement in Bengal (Page-542), Sayyid Ahmed Shahid I (Page-556), Sayyid Ahmed Shahid II (Page-581).  a Freedom Movement9108466 2ddccBKk954,HIS c187379d187379 00102ddc4070aMCSbMCScGENd2016-12-12o954,HISpMCS29142r2016-12-08w2016-12-12yBKzAlmirah No.61, Shelf No.3